Business, society, and government essentials : (Record no. 2780)

000 -LEADER
fixed length control field 01200cam a2200349 a 4500
001 - CONTROL NUMBER
control field 17504346
003 - CONTROL NUMBER IDENTIFIER
control field OSt
005 - DATE AND TIME OF LATEST TRANSACTION
control field 20160817105639.0
008 - FIXED-LENGTH DATA ELEMENTS--GENERAL INFORMATION
fixed length control field 121022s2014 nyua b 001 0 eng
010 ## - LIBRARY OF CONGRESS CONTROL NUMBER
LC control number 2012041545
020 ## - INTERNATIONAL STANDARD BOOK NUMBER
International Standard Book Number 9780415622097 (hardback : alk. paper)
020 ## - INTERNATIONAL STANDARD BOOK NUMBER
International Standard Book Number 9780415622103 (pbk. : alk. paper)
020 ## - INTERNATIONAL STANDARD BOOK NUMBER
International Standard Book Number 9780203106341 (ebook)
040 ## - CATALOGING SOURCE
Original cataloging agency DLC
Transcribing agency DLC
Modifying agency DLC
042 ## - AUTHENTICATION CODE
Authentication code pcc
050 00 - LIBRARY OF CONGRESS CALL NUMBER
Classification number HD60.L87 2014
082 00 - DEWEY DECIMAL CLASSIFICATION NUMBER
Classification number 174/.4
Edition number 23
100 1# - MAIN ENTRY--PERSONAL NAME
Personal name Lussier, Robert N.
245 10 - TITLE STATEMENT
Title Business, society, and government essentials :
Remainder of title strategy and applied ethics /
Statement of responsibility, etc Robert N. Lussier & Herbert Sherman.
250 ## - EDITION STATEMENT
Edition statement 2nd ed.
260 ## - PUBLICATION, DISTRIBUTION, ETC. (IMPRINT)
Place of publication, distribution, etc New York :
Name of publisher, distributor, etc Routledge,
Date of publication, distribution, etc 2014.
300 ## - PHYSICAL DESCRIPTION
Extent xi, 542 p. :
Other physical details ill., ;
Dimensions 29 cm.
504 ## - BIBLIOGRAPHY, ETC. NOTE
Bibliography, etc Includes bibliographical references and index.
650 #0 - SUBJECT ADDED ENTRY--TOPICAL TERM
Topical term or geographic name as entry element Social responsibility of business.
650 #0 - SUBJECT ADDED ENTRY--TOPICAL TERM
Topical term or geographic name as entry element Corporations
General subdivision Moral and ethical aspects.
650 #0 - SUBJECT ADDED ENTRY--TOPICAL TERM
Topical term or geographic name as entry element Business ethics.
650 #0 - SUBJECT ADDED ENTRY--TOPICAL TERM
Topical term or geographic name as entry element Industrial policy.
700 1# - ADDED ENTRY--PERSONAL NAME
Personal name Sherman, Herbert.
906 ## - LOCAL DATA ELEMENT F, LDF (RLIN)
a 7
b cbc
c orignew
d 1
e ecip
f 20
g y-gencatlg
942 ## - ADDED ENTRY ELEMENTS (KOHA)
Source of classification or shelving scheme
Koha item type Book

No items available.


Riara University Library,
P.O. Box 49940-00100,
Nairobi, Kenya.